[Event "Silkway Cup"]
[Site "T#646345FIDE"]
[Date "2020.05.28"]
[Round "12"]
[White "AbasovN"]
[Black "Lukiano"]
[Result "1-0"]
[WhiteElo "2580"]
[BlackElo "2665"]
[PlyCount "65"]
[EventDate "2020.05.28"]
[EventType "swiss (blitz)"]

1. e4 {[%emt 0:00:01]} c6 {[%emt 0:00:02]} 2. d4 {[%emt 0:00:01]} d5 {[%emt 0:00:01]} 3. exd5 {[%emt 0:00:00]} cxd5 {[%emt 0:00:01]} 4. Bd3 {[%emt 0:00:00]} Nc6 {[%emt 0:00:02]} 5. c3 {[%emt 0:00:01]} g6 {[%emt 0:00:01]} 6. Nf3 {[%emt 0:00:04]} Bf5 {[%emt 0:00:01]} 7. O-O {[%emt 0:00:01]} Nf6 {[%emt 0:00:02]} 8. h3 {[%emt 0:00:03]} Bxd3 {[%emt 0:00:07]} 9. Qxd3 {[%emt 0:00:01]} Bg7 {[%emt 0:00:01]} 10. Bf4 {[%emt 0:00:01]} O-O {[%emt 0:00:01]} 11. Nbd2 {[%emt 0:00:00]} a6 {[%emt 0:00:05]} 12. a4 {[%emt 0:00:03]} Rc8 {[%emt 0:00:03]} 13. Rfe1 {[%emt 0:00:01]} Nd7 {[%emt 0:00:07]} 14. Bg3 {[%emt 0:00:12]} Re8 {[%emt 0:00:03]} 15. Re2 {[%emt 0:00:15]} Qb6 {[%emt 0:00:06]} 16. Nf1 {[%emt 0:00:04]} e6 {[%emt 0:00:15]} 17. Ne3 {[%emt 0:00:02]} h5 {[%emt 0:00:04]} 18. Rae1 {[%emt 0:00:02]} Qb3 {[%emt 0:00:03]} 19. Nd2 {[%emt 0:00:11]} Qxa4 {[%emt 0:00:41]} 20. Nxd5 {[%emt 0:00:02]} Red8 {[%emt 0:00:13]} 21. Nf4 {[%emt 0:00:38]} Nf8 {[%emt 0:00:08]} 22. Qf3 {[%emt 0:00:07]} Qa2 {[%emt 0:00:26]} 23. Nd3 {[%emt 0:00:29]} Ne7 {[%emt 0:00:42]} 24. Bh4 {[%emt 0:00:05]} Rd7 {[%emt 0:00:03]} 25. Ne4 {[%emt 0:00:06]} Nd5 {[%emt 0:00:06]} 26. Ne5 {[%emt 0:00:11]} Rdc7 {[%emt 0:00:03]} 27. Nd6 {[%emt 0:00:03]} Bxe5 {[%emt 0:00:11]} 28. dxe5 {[%emt 0:00:28]} Ra8 {[%emt 0:00:02]} 29. c4 {[%emt 0:00:01]} Nb4 {[%emt 0:00:08]} 30. Bf6 {[%emt 0:00:08]} Rxc4 {[%emt 0:00:04]} 31. Qe3 {[%emt 0:00:06]} Kh7 {[%emt 0:00:06]} 32. Nxf7 {[%emt 0:00:01]} Nd5 {[%emt 0:00:01]} 33. Qh6+ {[%emt 0:00:04] Lukiano resigns (Lag: Av=0.69s, max=5.0s)} 1-0

[Event "Silkway Cup"]
[Site "T#646345FIDE"]
[Date "2020.05.28"]
[Round "12"]
[White "GadimbayliA"]
[Black "Gul91"]
[Result "0-1"]
[WhiteElo "2437"]
[BlackElo "2039"]
[Annotator "NA"]
[PlyCount "52"]
[EventDate "2020.05.28"]
[EventType "swiss (blitz)"]

1. e4 {[%emt 0:00:03]} e6 {[%emt 0:00:02]} 2. d4 {[%emt 0:00:01]} d5 {[%emt 0:00:02]} 3. Nd2 {[%emt 0:00:00]} a6 {[%emt 0:00:01]} 4. Ngf3 {[%emt 0:00:07]} c5 {[%emt 0:00:01]} 5. dxc5 {[%emt 0:00:01]} Bxc5 {[%emt 0:00:02]} 6. Bd3 {[%emt 0:00:01]} Nc6 {[%emt 0:00:02]} 7. O-O {[%emt 0:00:01]} Nge7 {[%emt 0:00:22]} 8. c3 {[%emt 0:00:02]} h6 {[%emt 0:00:07]} 9. Qe2 {[%emt 0:00:15]} O-O {[%emt 0:00:08]} 10. Nb3 {[%emt 0:00:31]} Ba7 {[%emt 0:00:12]} 11. Bf4 {[%emt 0:00:06]} Ng6 {[%emt 0:00:03]} 12. Bg3 {[%emt 0:00:01]} f5 {[%emt 0:00:29]} 13. exf5 {[%emt 0:00:13]} exf5 {[%emt 0:00:01]} 14. Rad1 {[%emt 0:00:05]} Qf6 {[%emt 0:00:07]} 15. h3 {[%emt 0:00:15]} Be6 {[%emt 0:00:13]} 16. Rfe1 {[%emt 0:00:43]} Rae8 {[%emt 0:00:03]} 17. Qc2 {[%emt 0:00:07]} f4 {[%emt 0:00:15]} 18. Bh2 {[%emt 0:00:01]} Nge5 {[%emt 0:00:10]} 19. Nbd4 {[%emt 0:00:26]} Nxd4 {[%emt 0:00:16]} 20. Nxd4 {[%emt 0:00:01]} Bxd4 {[%emt 0:00:18]} 21. Bh7+ {[%emt 0:00:01]} Kh8 {[%emt 0:00:02]} 22. Rxd4 {[%emt 0:00:22]} Qg5 {[%emt 0:00:14]} 23. Kh1 {[%emt 0:00:10]} Nf3 {[%emt 0:00:21]} 24. gxf3 {[%emt 0:00:03]} Bxh3 {[%emt 0:00:01]} 25. Rg1 {[%emt 0:00:05]} Re1 {[%emt 0:00:02]} 26. Qg6 {[%emt 0:00:09]} Bg2# {[%emt 0:00:04] (Lag: Av=0.74s, max=1.7s)} 0-1

[Event "Silkway Cup"]
[Site "T#646345FIDE"]
[Date "2020.05.28"]
[Round "12"]
[White "Rasulov Vugar"]
[Black "Shak"]
[Result "1/2-1/2"]
[WhiteElo "2401"]
[BlackElo "2226"]
[PlyCount "31"]
[EventDate "2020.05.28"]
[EventType "swiss (blitz)"]

1. d4 {[%emt 0:00:02]} d5 {[%emt 0:00:01]} 2. Nf3 {[%emt 0:00:01]} Nf6 {[%emt 0:00:02]} 3. Bf4 {[%emt 0:00:01]} Bf5 {[%emt 0:00:05]} 4. e3 {[%emt 0:00:03]} e6 {[%emt 0:00:01]} 5. Bd3 {[%emt 0:00:03]} Bxd3 {[%emt 0:00:03]} 6. Qxd3 {[%emt 0:00:00]} Nbd7 {[%emt 0:00:05]} 7. O-O {[%emt 0:00:03]} Bd6 {[%emt 0:00:10]} 8. Bg3 {[%emt 0:00:06]} O-O {[%emt 0:00:01]} 9. Nbd2 {[%emt 0:00:04]} Bxg3 {[%emt 0:00:02]} 10. hxg3 {[%emt 0:00:01]} c5 {[%emt 0:00:00]} 11. c4 {[%emt 0:00:10]} Rc8 {[%emt 0:00:18]} 12. Rac1 {[%emt 0:00:02]} Qb6 {[%emt 0:00:13]} 13. Qa3 {[%emt 0:00:08]} a6 {[%emt 0:00:11]} 14. cxd5 {[%emt 0:00:03]} Nxd5 {[%emt 0:00:09]} 15. Nc4 {[%emt 0:00:03]} Qc7 {[%emt 0:00:03]} 16. Nce5 {[%emt 0:00:11] Rasulov Vugar beraberlik teklif ediyor (Lag: Av=0.85s, max=1.6s)} 1/2-1/2

[Event "Silkway Cup"]
[Site "T#646345FIDE"]
[Date "2020.05.28"]
[Round "12"]
[White "Belusi"]
[Black "T-sanikidze"]
[Result "0-1"]
[WhiteElo "2386"]
[BlackElo "2702"]
[Annotator "TA"]
[PlyCount "72"]
[EventDate "2020.05.28"]
[EventType "swiss (blitz)"]

{[%evp 13,72,15,10,17,11,10,20,8,14,0,0,0,0,0,0,0,0,-43,-37,-50,-20,-83,-54,-103,-91,-201,-191,-209,-203,-187,-207,-210,-189,-195,-170,-164,-170,-170,-162,-226,-209,-208,-179,-248,-247,-404,-401,-393,-361,-428,-366,-504,-260,-727,-710,-722,-713,-825,-795,-29991,-29992]} 1. d4 d5 2. c4 e6 3. Nf3 Nf6 4. g3 dxc4 5. Bg2 Nc6 6. Qa4 Bb4+ 7. Bd2 Nd5 8. Qb5 {E04: Open Catalan: 5 Nf3.} Bxd2+ 9. Nbxd2 c3 10. bxc3 {The position is equal.} Nxc3 11. Qb3 (11. Qb2 {seems wilder.} Na4 12. Qc2 Nb6 13. Nb3 O-O 14. O-O) 11... Nd5 12. O-O O-O {[#]} 13. e4 $146 ({Predecessor:} 13. Rfc1 Nce7 14. Qc2 c6 15. Ne5 f6 16. Nd3 b6 17. Nf3 Ba6 18. e4 Bxd3 19. Qxd3 {1-0 (37) Piorun,K (2634)-Sanikidze,T (2507) St Petersburg 2018}) 13... Nde7 14. Qc3 b6 15. Rfc1 Bb7 16. Nc4 Rc8 17. a4 (17. Rd1 $11) 17... a5 18. Nb2 {Black converts the advantage convincingly.} Nb4 19. Nd3 (19. Qe3 $17) 19... Bxe4 $19 20. Nxb4 axb4 21. Qxb4 {[#]} Nc6 $1 {[%cal Rc6b4]} 22. Qc3 Bxf3 23. Bxf3 Nxd4 24. a5 bxa5 25. Rxa5 {[#]} c5 $1 26. Ra6 (26. Bd1 {was worth a try.}) (26. Rxc5 Rxc5) 26... e5 27. Qe3 c4 28. Bb7 (28. Ra3 $142) 28... Rc7 29. Ra8 $2 (29. Bf3 {is a better defense.}) 29... Qd6 ({Inferior is} 29... Rxb7 30. Rxd8 Rxd8 31. Kg2 $11) 30. Rxf8+ Kxf8 31. Be4 f5 32. Bg2 h6 {Threatens to win with ...c3!} 33. h4 $2 {[#]} (33. Bf1) 33... c3 $1 34. Kh2 (34. Rxc3 Rxc3) 34... c2 35. Qd3 e4 36. Qd2 Nf3+ {[%mdl 64] Double Attack, Discovered Attack. Accuracy: White = 36%, Black = 84%.} 0-1

[Event "Silkway Cup"]
[Site "T#646345FIDE"]
[Date "2020.05.28"]
[Round "12"]
[White "Sadikhov_Ulvi"]
[Black "Mammadzada"]
[Result "0-1"]
[WhiteElo "2277"]
[BlackElo "2021"]
[PlyCount "38"]
[EventDate "2020.05.28"]
[EventType "swiss (blitz)"]

1. e4 {[%emt 0:00:03]} c5 {[%emt 0:00:02]} 2. Nf3 {[%emt 0:00:01]} d6 {[%emt 0:00:01]} 3. Nc3 {[%emt 0:00:01]} Nf6 {[%emt 0:00:02]} 4. e5 {[%emt 0:00:01]} dxe5 {[%emt 0:00:01]} 5. Nxe5 {[%emt 0:00:00]} a6 {[%emt 0:00:01]} 6. a4 {[%emt 0:00:01]} Qc7 {[%emt 0:00:29]} 7. Nc4 {[%emt 0:00:02]} Nc6 {[%emt 0:00:06]} 8. d3 {[%emt 0:00:10]} g6 {[%emt 0:00:38]} 9. g3 {[%emt 0:00:33]} Bg4 {[%emt 0:00:03]} 10. f3 {[%emt 0:00:33]} Be6 {[%emt 0:00:09]} 11. Bf4 {[%emt 0:00:07]} Qd8 {[%emt 0:00:01]} 12. Bg2 {[%emt 0:00:10]} Bg7 {[%emt 0:00:08]} 13. O-O {[%emt 0:00:07]} O-O {[%emt 0:00:04]} 14. Be3 {[%emt 0:00:01]} Nd4 {[%emt 0:00:18]} 15. Ne4 {[%emt 0:00:23]} Nxe4 {[%emt 0:00:18]} 16. fxe4 {[%emt 0:00:02]} Rc8 {[%emt 0:00:31]} 17. c3 {[%emt 0:00:27]} Nb3 {[%emt 0:00:28]} 18. e5 {[%emt 0:00:40] .} Nxa1 {[%emt 0:00:02]} 19. Qxa1 {[%emt 0:00:03]} Qxd3 {[%emt 0:00:02] Sadikhov_Ulvi resigns (Lag: Av=0.33s, max=0.8s)} 0-1

[Event "Silkway Cup"]
[Site "T#646345FIDE"]
[Date "2020.05.28"]
[Round "12"]
[White "Ka ch"]
[Black "Massapi"]
[Result "1-0"]
[WhiteElo "2267"]
[BlackElo "2548"]
[PlyCount "101"]
[EventDate "2020.05.28"]
[EventType "swiss (blitz)"]

1. e4 {[%emt 0:00:01]} c5 {[%emt 0:00:05]} 2. Nf3 {[%emt 0:00:01]} Nc6 {[%emt 0:00:01]} 3. d4 {[%emt 0:00:01]} cxd4 {[%emt 0:00:01]} 4. Nxd4 {[%emt 0:00:00]} g6 {[%emt 0:00:01]} 5. c4 {[%emt 0:00:04]} Nf6 {[%emt 0:00:02]} 6. Nc3 {[%emt 0:00:02]} d6 {[%emt 0:00:01]} 7. Be2 {[%emt 0:00:02]} Nxd4 {[%emt 0:00:04]} 8. Qxd4 {[%emt 0:00:01]} Bg7 {[%emt 0:00:00]} 9. Be3 {[%emt 0:00:01]} O-O {[%emt 0:00:02]} 10. Qd2 {[%emt 0:00:01]} Be6 {[%emt 0:00:15]} 11. f3 {[%emt 0:00:11]} Rc8 {[%emt 0:00:26]} 12. Nd5 {[%emt 0:00:32]} Bxd5 {[%emt 0:00:50]} 13. cxd5 {[%emt 0:00:06]} Nd7 {[%emt 0:00:01]} 14. O-O {[%emt 0:00:05]} a5 {[%emt 0:00:04]} 15. Rac1 {[%emt 0:00:06]} Nc5 {[%emt 0:00:02]} 16. b3 {[%emt 0:00:08]} Qb6 {[%emt 0:00:04]} 17. Rc4 {[%emt 0:00:10]} Qa7 {[%emt 0:00:11]} 18. Rfc1 {[%emt 0:00:09]} b5 {[%emt 0:00:04]} 19. R4c2 {[%emt 0:00:02]} b4 {[%emt 0:00:01]} 20. h3 {[%emt 0:00:23]} Rc7 {[%emt 0:00:07]} 21. Qe1 {[%emt 0:00:08]} Rfc8 {[%emt 0:00:08]} 22. Qf2 {[%emt 0:00:09]} Bc3 {[%emt 0:00:19]} 23. f4 {[%emt 0:00:07]} a4 {[%emt 0:00:07]} 24. e5 {[%emt 0:00:05]} axb3 {[%emt 0:00:04]} 25. axb3 {[%emt 0:00:02]} Qb7 {[%emt 0:00:24]} 26. Bc4 {[%emt 0:00:08]} dxe5 {[%emt 0:00:10]} 27. fxe5 {[%emt 0:00:05]} Bxe5 {[%emt 0:00:01]} 28. Rf1 {[%emt 0:00:07]} Rf8 {[%emt 0:00:08]} 29. Bxc5 {[%emt 0:00:06]} Qc8 {[%emt 0:00:02]} 30. Bd4 {[%emt 0:00:03]} Bxd4 {[%emt 0:00:02]} 31. Qxd4 {[%emt 0:00:01]} Qd7 {[%emt 0:00:01]} 32. Rcf2 {[%emt 0:00:04]} Qd6 {[%emt 0:00:05]} 33. Ra1 {[%emt 0:00:03]} Rfc8 {[%emt 0:00:04]} 34. Qf4 {[%emt 0:00:15]} Qxf4 {[%emt 0:00:05]} 35. Rxf4 {[%emt 0:00:01]} Kg7 {[%emt 0:00:00]} 36. Ra4 {[%emt 0:00:04]} Rb8 {[%emt 0:00:02]} 37. Rf1 {[%emt 0:00:03]} f5 {[%emt 0:00:01]} 38. Rfa1 {[%emt 0:00:02]} Kf6 {[%emt 0:00:02]} 39. Ra7 {[%emt 0:00:05]} Rxa7 {[%emt 0:00:03]} 40. Rxa7 {[%emt 0:00:01]} h5 {[%emt 0:00:00]} 41. Ra6+ {[%emt 0:00:01]} Kg5 {[%emt 0:00:02]} 42. Re6 {[%emt 0:00:01]} Rb7 {[%emt 0:00:03]} 43. d6 {[%emt 0:00:05]} exd6 {[%emt 0:00:02]} 44. Rxd6 {[%emt 0:00:01]} h4 {[%emt 0:00:01]} 45. Bd5 {[%emt 0:00:04]} Rc7 {[%emt 0:00:05]} 46. Rb6 {[%emt 0:00:02]} Kf4 {[%emt 0:00:02]} 47. Kh2 {[%emt 0:00:03]} Rd7 {[%emt 0:00:02]} 48. Rxb4+ {[%emt 0:00:02]} Ke3 {[%emt 0:00:01]} 49. Bf3 {[%emt 0:00:05]} g5 {[%emt 0:00:01]} 50. Rb5 {[%emt 0:00:02]} Kf4 {[%emt 0:00:02]} 51. Rxf5+ {[%emt 0:00:02] Massapi resigns (Lag: Av=0.72s, max=1.3s)} 1-0

[Event "Silkway Cup"]
[Site "T#646345FIDE"]
[Date "2020.05.28"]
[Round "12"]
[White "luka oboladze"]
[Black "Atesh"]
[Result "1-0"]
[WhiteElo "2244"]
[BlackElo "1692"]
[PlyCount "149"]
[EventDate "2020.05.28"]
[EventType "swiss (blitz)"]

1. d4 {[%emt 0:00:02]} d5 {[%emt 0:00:01]} 2. c4 {[%emt 0:00:00]} c6 {[%emt 0:00:01]} 3. Nf3 {[%emt 0:00:01]} Nf6 {[%emt 0:00:01]} 4. e3 {[%emt 0:00:01]} Bf5 {[%emt 0:00:02]} 5. Nc3 {[%emt 0:00:01]} e6 {[%emt 0:00:01]} 6. Be2 {[%emt 0:00:02]} Nbd7 {[%emt 0:00:02]} 7. O-O {[%emt 0:00:01]} h6 {[%emt 0:00:01]} 8. b3 {[%emt 0:00:03]} Bd6 {[%emt 0:00:02]} 9. Bb2 {[%emt 0:00:01]} O-O {[%emt 0:00:01]} 10. h3 {[%emt 0:00:05]} a6 {[%emt 0:00:01]} 11. Rc1 {[%emt 0:00:02]} Qe7 {[%emt 0:00:01]} 12. Bd3 {[%emt 0:00:08]} Bxd3 {[%emt 0:00:20]} 13. Qxd3 {[%emt 0:00:00]} Rfd8 {[%emt 0:00:03]} 14. e4 {[%emt 0:00:04]} dxe4 {[%emt 0:00:34]} 15. Nxe4 {[%emt 0:00:00]} Nxe4 {[%emt 0:00:01]} 16. Qxe4 {[%emt 0:00:01]} Nf6 {[%emt 0:00:01]} 17. Qe3 {[%emt 0:00:04]} Ba3 {[%emt 0:00:02]} 18. Bxa3 {[%emt 0:00:03]} Qxa3 {[%emt 0:00:00]} 19. Rc2 {[%emt 0:00:00]} a5 {[%emt 0:00:08]} 20. Ne5 {[%emt 0:00:08]} a4 {[%emt 0:00:03]} 21. f4 {[%emt 0:00:01]} axb3 {[%emt 0:00:02]} 22. axb3 {[%emt 0:00:00]} Qd6 {[%emt 0:00:05]} 23. Rd2 {[%emt 0:00:02]} Ra3 {[%emt 0:00:03]} 24. Rd3 {[%emt 0:00:10]} Rda8 {[%emt 0:00:22]} 25. Kh2 {[%emt 0:00:25]} Ra2 {[%emt 0:00:02]} 26. Rf3 {[%emt 0:00:03]} Rb2 {[%emt 0:00:11]} 27. c5 {[%emt 0:00:38]} Qc7 {[%emt 0:00:11]} 28. Nc4 {[%emt 0:00:06]} Rc2 {[%emt 0:00:08]} 29. Nd6 {[%emt 0:00:04]} Raa2 {[%emt 0:00:02]} 30. Rg3 {[%emt 0:00:01]} Re2 {[%emt 0:00:20]} 31. Qf3 {[%emt 0:00:19]} Re1 {[%emt 0:00:13]} 32. Re3 {[%emt 0:00:18]} Rb1 {[%emt 0:00:09]} 33. f5 {[%emt 0:00:30]} Raa1 {[%emt 0:00:02]} 34. Rg4 {[%emt 0:00:01]} Nh5 {[%emt 0:00:13]} 35. g3 {[%emt 0:00:12]} Rb2+ {[%emt 0:00:07]} 36. Re2 {[%emt 0:00:01]} Raa2 {[%emt 0:00:05]} 37. Rxb2 {[%emt 0:00:03]} Rxb2+ {[%emt 0:00:01]} 38. Kg1 {[%emt 0:00:00]} Qa5 {[%emt 0:00:02]} 39. Qf1 {[%emt 0:00:22]} Qa2 {[%emt 0:00:12]} 40. fxe6 {[%emt 0:00:04]} Rb1 {[%emt 0:00:01]} 41. e7 {[%emt 0:00:01]} Rxf1+ {[%emt 0:00:02]} 42. Kxf1 {[%emt 0:00:00]} Qb1+ {[%emt 0:00:01]} 43. Kf2 {[%emt 0:00:03]} Qc2+ {[%emt 0:00:01]} 44. Kf1 {[%emt 0:00:02]} Qd1+ {[%emt 0:00:02]} 45. Kf2 {[%emt 0:00:01]} Nf6 {[%emt 0:00:02]} 46. Rf4 {[%emt 0:00:02]} Qd2+ {[%emt 0:00:03]} 47. Kf3 {[%emt 0:00:02]} Qe1 {[%emt 0:00:08]} 48. Rxf6 {[%emt 0:00:01]} Qxe7 {[%emt 0:00:01]} 49. Rxf7 {[%emt 0:00:01]} Qe1 {[%emt 0:00:02]} 50. Rxb7 {[%emt 0:00:02]} Qf1+ {[%emt 0:00:06]} 51. Kg4 {[%emt 0:00:01]} Qd1+ {[%emt 0:00:02]} 52. Kf5 {[%emt 0:00:08]} Qxd4 {[%emt 0:00:02]} 53. b4 {[%emt 0:00:02]} Qd5+ {[%emt 0:00:02]} 54. Kf4 {[%emt 0:00:01]} Qd4+ {[%emt 0:00:04]} 55. Kf3 {[%emt 0:00:05]} Qf6+ {[%emt 0:00:03]} 56. Ke4 {[%emt 0:00:02]} Qe6+ {[%emt 0:00:01]} 57. Kf3 {[%emt 0:00:01]} Qxh3 {[%emt 0:00:01]} 58. b5 {[%emt 0:00:05]} Qh5+ {[%emt 0:00:04]} 59. g4 {[%emt 0:00:05]} Qd5+ {[%emt 0:00:01]} 60. Ne4 {[%emt 0:00:05]} cxb5 {[%emt 0:00:03]} 61. Rb8+ {[%emt 0:00:01]} Kh7 {[%emt 0:00:02]} 62. Kf4 {[%emt 0:00:00]} Qd1 {[%emt 0:00:04]} 63. Rb7 {[%emt 0:00:02]} Qf1+ {[%emt 0:00:02]} 64. Ke3 {[%emt 0:00:01]} Qe1+ {[%emt 0:00:01]} 65. Kf4 {[%emt 0:00:01]} Qf1+ {[%emt 0:00:01]} 66. Ke5 {[%emt 0:00:01]} Kg6 {[%emt 0:00:01]} 67. c6 {[%emt 0:00:02]} Qc4 {[%emt 0:00:02]} 68. c7 {[%emt 0:00:04]} b4 {[%emt 0:00:02]} 69. Nd6 {[%emt 0:00:02]} Qc5+ {[%emt 0:00:02]} 70. Ke6 {[%emt 0:00:01]} Qe3+ {[%emt 0:00:03]} 71. Kd7 {[%emt 0:00:01]} b3 {[%emt 0:00:06]} 72. c8=Q {[%emt 0:00:02]} Qd4 {[%emt 0:00:02]} 73. Qe8+ {[%emt 0:00:02]} Kg5 {[%emt 0:00:01]} 74. Qe7+ {[%emt 0:00:03]} Kf4 {[%emt 0:00:01]} 75. Rxb3 {[%emt 0:00:07] Atesh resigns (Lag: Av=0.65s, max=2.7s)} 1-0

[Event "Silkway Cup"]
[Site "T#646345FIDE"]
[Date "2020.05.28"]
[Round "12"]
[White "SuleymanliAydin1"]
[Black "EXpresident"]
[Result "1/2-1/2"]
[WhiteElo "2182"]
[BlackElo "2623"]
[PlyCount "115"]
[EventDate "2020.05.28"]
[EventType "swiss (blitz)"]

1. d4 {[%emt 0:00:04]} Nf6 {[%emt 0:00:01]} 2. c4 {[%emt 0:00:01]} g6 {[%emt 0:00:01]} 3. Nc3 {[%emt 0:00:01]} d5 {[%emt 0:00:01]} 4. cxd5 {[%emt 0:00:08]} Nxd5 {[%emt 0:00:01]} 5. Bd2 {[%emt 0:00:01]} Bg7 {[%emt 0:00:03]} 6. e4 {[%emt 0:00:01]} Nxc3 {[%emt 0:00:02]} 7. Bxc3 {[%emt 0:00:00]} c5 {[%emt 0:00:05]} 8. d5 {[%emt 0:00:01]} Bxc3+ {[%emt 0:00:13]} 9. bxc3 {[%emt 0:00:00]} O-O {[%emt 0:00:01]} 10. Bc4 {[%emt 0:00:02]} e6 {[%emt 0:00:03]} 11. dxe6 {[%emt 0:00:19]} Bxe6 {[%emt 0:00:05]} 12. Bxe6 {[%emt 0:00:04]} fxe6 {[%emt 0:00:06]} 13. Qb3 {[%emt 0:00:15]} Qb6 {[%emt 0:00:06]} 14. Nf3 {[%emt 0:00:20]} Qxb3 {[%emt 0:00:04]} 15. axb3 {[%emt 0:00:00]} Nc6 {[%emt 0:00:01]} 16. Ke2 {[%emt 0:00:01]} h6 {[%emt 0:00:11]} 17. Nd2 {[%emt 0:00:12]} Kf7 {[%emt 0:00:03]} 18. Ra2 {[%emt 0:00:07]} Ke7 {[%emt 0:00:02]} 19. Rha1 {[%emt 0:00:06]} g5 {[%emt 0:00:12]} 20. Nc4 {[%emt 0:00:13]} Rac8 {[%emt 0:00:31]} 21. Ke3 {[%emt 0:00:55]} a6 {[%emt 0:00:19]} 22. Ra3 {[%emt 0:00:25]} Rcd8 {[%emt 0:00:02]} 23. R3a2 {[%emt 0:00:24]} h5 {[%emt 0:00:32]} 24. Rd2 {[%emt 0:00:02]} Rxd2 {[%emt 0:00:03]} 25. Nxd2 {[%emt 0:00:00]} Ne5 {[%emt 0:00:01]} 26. Ke2 {[%emt 0:00:02]} Rd8 {[%emt 0:00:06]} 27. f3 {[%emt 0:00:04]} Ng6 {[%emt 0:00:04]} 28. g3 {[%emt 0:00:02]} h4 {[%emt 0:00:01]} 29. Ra5 {[%emt 0:00:01]} hxg3 {[%emt 0:00:01]} 30. hxg3 {[%emt 0:00:00]} Rc8 {[%emt 0:00:04]} 31. b4 {[%emt 0:00:03]} cxb4 {[%emt 0:00:04]} 32. cxb4 {[%emt 0:00:04]} Kf6 {[%emt 0:00:00]} 33. Ra3 {[%emt 0:00:07]} Ne5 {[%emt 0:00:03]} 34. f4 {[%emt 0:00:01]} Nc6 {[%emt 0:00:01]} 35. Ke3 {[%emt 0:00:02]} Nxb4 {[%emt 0:00:01]} 36. Rb3 {[%emt 0:00:01]} a5 {[%emt 0:00:02]} 37. Nf3 {[%emt 0:00:01]} gxf4+ {[%emt 0:00:01]} 38. gxf4 {[%emt 0:00:00]} Rc5 {[%emt 0:00:13]} 39. e5+ {[%emt 0:00:03]} Ke7 {[%emt 0:00:01]} 40. Nd4 {[%emt 0:00:01]} Kd7 {[%emt 0:00:06]} 41. Ke4 {[%emt 0:00:02]} b6 {[%emt 0:00:04]} 42. Rh3 {[%emt 0:00:01]} a4 {[%emt 0:00:05]} 43. Rh7+ {[%emt 0:00:02]} Kc8 {[%emt 0:00:00]} 44. Nxe6 {[%emt 0:00:06]} Rc4+ {[%emt 0:00:02]} 45. Kf3 {[%emt 0:00:01]} a3 {[%emt 0:00:00]} 46. Ra7 {[%emt 0:00:01]} a2 {[%emt 0:00:01]} 47. f5 {[%emt 0:00:01]} Rc1 {[%emt 0:00:02]} 48. Ra8+ {[%emt 0:00:04]} Kb7 {[%emt 0:00:03]} 49. Rxa2 {[%emt 0:00:02]} Nxa2 {[%emt 0:00:00]} 50. f6 {[%emt 0:00:00]} Rd1 {[%emt 0:00:12]} 51. f7 {[%emt 0:00:04]} Rf1+ {[%emt 0:00:01]} 52. Ke2 {[%emt 0:00:01]} Rxf7 {[%emt 0:00:02]} 53. Nd8+ {[%emt 0:00:00]} Kc7 {[%emt 0:00:01]} 54. Nxf7 {[%emt 0:00:01]} Kd7 {[%emt 0:00:00]} 55. Kd3 {[%emt 0:00:01]} Ke6 {[%emt 0:00:01]} 56. Nd8+ {[%emt 0:00:01]} Kxe5 {[%emt 0:00:01]} 57. Kc4 {[%emt 0:00:00]} b5+ {[%emt 0:00:01]} 58. Kxb5 {[%emt 0:00:01] SuleymanliAydin1 offers a draw (Lag: Av=0.75s, max=2.9s)} 1/2-1/2

[Event "Silkway Cup"]
[Site "T#646345FIDE"]
[Date "2020.05.28"]
[Round "12"]
[White "VugarAsadli"]
[Black "GIGA QUPARADZE"]
[Result "0-1"]
[WhiteElo "2154"]
[BlackElo "2294"]
[PlyCount "44"]
[EventDate "2020.05.28"]
[EventType "swiss (blitz)"]

1. e4 {[%emt 0:00:04]} c5 {[%emt 0:00:01]} 2. Nc3 {[%emt 0:00:01]} e6 {[%emt 0:00:01]} 3. Nf3 {[%emt 0:00:04]} a6 {[%emt 0:00:02]} 4. g3 {[%emt 0:00:01]} Nc6 {[%emt 0:00:05]} 5. Bg2 {[%emt 0:00:01]} Nf6 {[%emt 0:00:03]} 6. O-O {[%emt 0:00:04]} d6 {[%emt 0:00:02]} 7. d4 {[%emt 0:00:01]} cxd4 {[%emt 0:00:00]} 8. Nxd4 {[%emt 0:00:00]} Bd7 {[%emt 0:00:04]} 9. Nb3 {[%emt 0:00:13]} Be7 {[%emt 0:00:02]} 10. f4 {[%emt 0:00:02] VugarAsadli offers a draw} Rc8 {[%emt 0:00:05]} 11. Be3 {[%emt 0:00:03]} b5 {[%emt 0:00:06]} 12. g4 {[%emt 0:00:05]} h5 {[%emt 0:00:05]} 13. h3 {[%emt 0:00:20]} hxg4 {[%emt 0:00:06]} 14. hxg4 {[%emt 0:00:00]} b4 {[%emt 0:00:30]} 15. Na4 {[%emt 0:00:01]} Rb8 {[%emt 0:00:02]} 16. g5 {[%emt 0:00:02]} Nh5 {[%emt 0:00:03]} 17. a3 {[%emt 0:00:18]} e5 {[%emt 0:00:20]} 18. axb4 {[%emt 0:00:52]} exf4 {[%emt 0:00:05]} 19. Bf2 {[%emt 0:00:01]} Ne5 {[%emt 0:00:09]} 20. Nc3 {[%emt 0:00:07]} Bg4 {[%emt 0:00:06]} 21. Qd5 {[%emt 0:00:00]} f3 {[%emt 0:00:02]} 22. Bh1 {[%emt 0:00:01]} Nf4 {[%emt 0:00:02] VugarAsadli resigns (Lag: Av=0.33s, max=1.0s)} 0-1